000 00448nam a2200181Ia 4500
003 GCL
008 140319s9999 xx 000 0 eng d
040 _aGCL /
_cGCL
082 0 4 _a738
_bA C
100 1 _aAL SADR, SAID
245 1 0 _aCERAMICS IN EGYPT /
_cAL SADR, SAID
700 1 _aALLAM, TORAY
260 _a[S.N] :
_bFRENWOOD PUBLISHING LTD ،
_c1990
650 0 4 _aCERAMICS
650 0 4 _aARTS
650 0 4 _aART, EGYPTIAN
942 _2ddc
_cBK
999 _c19055
_d19055